[Event "PRO League Group Stage"]
[Site "chess.com INT"]
[Date "2019.01.17"]
[Round "2"]
[White "Holm, Kristian Stuvik"]
[Black "Vrolijk, Liam"]
[Result "1-0"]
[WhiteTitle "IM"]
[BlackTitle "IM"]
[WhiteElo "2468"]
[BlackElo "2433"]
[WhiteTeam "Norway Gnomes"]
[BlackTeam "Amsterdam Mosquitoes"]
[WhiteFideId "1508083"]
[BlackFideId "1048333"]
[EventDate "2019.01.08"]

1. d4 Nf6 2. Bg5 Ne4 3. Bf4 d5 4. e3 Bf5 5. f3 Nf6 6. g4 Bg6 7. h4 h6 8. Nc3 e6
9. Qd2 a6 10. Bd3 Bxd3 11. cxd3 c5 12. dxc5 Bxc5 13. d4 Bd6 14. Nge2 Nc6 15. Kf2
Qc7 16. Rac1 O-O-O 17. b4 Bxf4 18. Nxf4 Kb8 19. b5 axb5 20. Nxb5 Qa5 21. Qxa5
Nxa5 22. g5 Nd7 23. g6 e5 24. dxe5 Nxe5 25. gxf7 Rd7 26. Rcd1 Rxf7 27. Rxd5 Nac6
28. h5 Re7 29. Nd4 Nb4 30. Rb5 Ned3+ 31. Nxd3 Nxd3+ 32. Ke2 Nf4+ 33. Kf2 Nd3+
34. Ke2 Nf4+ 35. Kf2 Nd3+ 36. Kg3 Rxe3 37. Rhb1 Kc8 38. Rxb7 Rd8 39. Nf5 Re5 40.
Ne7+ Rxe7 41. Rxe7 Rd5 42. Rxg7 Rxh5 43. Rd1 Nc5 44. Kg4 Re5 45. f4 Re2 46. Kh5
Ne6 47. Rg8+ Kc7 48. f5 Rh2+ 49. Kg6 Rg2+ 50. Kh7 Ng5+ 51. Rxg5 Rxg5 52. f6 Rf5
53. Kg6 Rf2 54. f7 Rg2+ 55. Kxh6 Rh2+ 56. Kg7 Rg2+ 57. Kf8 Rxa2 58. Rd4 Re2 59.
Kg7 Rg2+ 60. Kf6 Rf2+ 61. Kg6 Rg2+ 62. Kf5 1-0

[Event "PRO League Group Stage"]
[Site "chess.com INT"]
[Date "2019.01.17"]
[Round "2"]
[White "Hansen, Torbjorn Ringdal"]
[Black "Lopez, Jasel"]
[Result "1/2-1/2"]
[WhiteTitle "GM"]
[BlackTitle "FM"]
[WhiteElo "2419"]
[BlackElo "2388"]
[WhiteTeam "Norway Gnomes"]
[BlackTeam "Amsterdam Mosquitoes"]
[WhiteFideId "1501720"]
[BlackFideId "15900045"]
[EventDate "2019.01.08"]

1. e4 e6 2. d4 d5 3. Nd2 Nf6 4. e5 Nfd7 5. Bd3 c5 6. c3 Nc6 7. Ne2 cxd4 8. cxd4
f6 9. exf6 Nxf6 10. O-O Bd6 11. Nf3 O-O 12. Bf4 Nh5 13. Bxd6 Qxd6 14. Ng3 Nf4
15. Re1 a6 16. Rc1 Bd7 17. Bb1 Rf6 18. Ne5 Raf8 19. Re3 Be8 20. Nxc6 Bxc6 21.
Qd2 Qd8 22. Rce1 Rh6 23. Nf1 Bb5 24. Rg3 Bxf1 25. Rxf1 Qe8 26. Re1 Qh5 27. h3
Rhf6 28. Re5 Qh6 29. Qe3 Rc8 30. Kh2 Rcf8 31. Reg5 Kh8 32. Qe5 R6f7 33. Bc2 Qf6
34. Qe3 Qh6 35. Re5 Rf6 36. Rg4 g6 37. Reg5 Qg7 38. Rg3 Qc7 39. Bd1 Kg7 40. h4
h6 41. Re5 Rf5 42. Rxf5 exf5 43. Kg1 Rf7 44. Rf3 Re7 45. Qd2 Nh5 46. Re3 Nf6 47.
Bb3 Ne4 48. Qe1 Rd7 49. f3 Nf6 50. Re6 Qf4 51. Re7+ Kg8 52. Rxd7 Qxd4+ 53. Kf1
Qd3+ 54. Kg1 Qd4+ 55. Qf2 Qxf2+ 56. Kxf2 Nxd7 57. Bxd5+ Kf8 58. Bxb7 a5 59. a3
Ke7 60. b4 axb4 61. axb4 Kd6 62. Ke3 Ne5 63. Ba6 g5 64. h5 Kd5 65. Be2 f4+ 66.
Kd2 Kd4 67. b5 Kc5 68. Kc3 Nd7 69. Kd3 Kd5 70. Kc3 Kc5 71. Kd3 Kd5 72. Bd1 Ne5+
73. Kc3 Kc5 74. Be2 Nd7 75. Kd3 Nf6 76. Bf1 Nxh5 77. b6 Kxb6 78. Kd4 Ng3 79. Bd3
h5 80. Ke5 Kc5 81. Kf6 g4 82. Kg5 Kd4 83. Kxf4 gxf3 84. Kxg3 fxg2 85. Kxg2 Kxd3
86. Kh3 Ke4 87. Kh4 Ke5 88. Kxh5 1/2-1/2

[Event "PRO League Group Stage"]
[Site "chess.com INT"]
[Date "2019.01.17"]
[Round "2"]
[White "Forcen Esteban, Daniel"]
[Black "Lagarde, Maxime"]
[Result "1-0"]
[WhiteTitle "GM"]
[BlackTitle "GM"]
[WhiteElo "2567"]
[BlackElo "2604"]
[WhiteTeam "Barcelona Raptors"]
[BlackTeam "Cannes Blitzstreams"]
[WhiteFideId "2288230"]
[BlackFideId "662399"]
[EventDate "2019.01.08"]

1. Nf3 g6 2. c4 Bg7 3. Nc3 c5 4. g3 Nc6 5. Bg2 e5 6. d3 d6 7. Nd2 Nge7 8. Nf1
Nf5 9. h4 h5 10. Bg5 f6 11. Bd2 O-O 12. a3 Be6 13. Nd5 Nce7 14. b4 Nxd5 15. cxd5
Bf7 16. Ne3 Nxe3 17. fxe3 c4 18. dxc4 f5 19. e4 f4 20. Qb3 g5 21. O-O-O g4 22.
gxf4 exf4 23. Bxf4 a5 24. Bg5 Qc7 25. b5 a4 26. Qb4 Bg6 27. b6 Qd7 28. Rhf1 Rfc8
29. Kd2 Qe8 30. Bf6 Bh6+ 31. Kd3 Rc5 32. Bd4 Rac8 33. Bxc5 dxc5 34. Qb2 Bg7 35.
Rf6 Kh7 36. Rdf1 Qe7 37. Kd2 Rf8 38. e5 Bxf6 39. Rxf6 Rxf6 40. exf6 Qd6 41. Qc3
Qf4+ 42. Ke1 g3 43. Kd1 Kg8 44. d6 Qxd6+ 45. Bd5+ Bf7 46. Qd3 Bxd5 47. Qg6+ Kf8
48. Qg7+ Ke8 49. cxd5 Qxd5+ 50. Ke1 Qf7 51. Qh8+ Kd7 52. Kf1 Ke6 53. Kg2 Qxf6
54. Qc8+ Ke5 55. Qxc5+ Ke6 56. Qc4+ Kd7 57. Qd5+ Kc8 58. Qg8+ Kd7 59. Qh7+ Kc6
60. Kxg3 Qe5+ 61. Kf3 Qc3+ 62. e3 Kxb6 63. Qxh5 Qxa3 64. Qg6+ Ka7 65. h5 Qc1 66.
h6 a3 67. Qe6 Qf1+ 68. Kg3 Qg1+ 69. Kf3 Qh1+ 70. Kg3 Qe1+ 71. Kf3 Qd1+ 72. Kg3
Qf1 73. h7 Qg1+ 74. Kh4 Qh2+ 75. Qh3 Qf2+ 76. Kg5 a2 77. h8=Q Qg1+ 78. Qg4 a1=Q
79. Qxa1+ Qxa1 80. Qd4+ Qxd4 81. exd4 b5 82. d5 b4 83. d6 Kb8 84. Kf6 b3 85. d7 1-0

[Event "PRO League Group Stage"]
[Site "chess.com INT"]
[Date "2019.01.17"]
[Round "2"]
[White "Asis Gargatagli, Hipolito"]
[Black "Mekhitarian, Krikor Sevag"]
[Result "1/2-1/2"]
[WhiteTitle "IM"]
[BlackTitle "GM"]
[WhiteElo "2529"]
[BlackElo "2536"]
[WhiteTeam "Barcelona Raptors"]
[BlackTeam "Cannes Blitzstreams"]
[WhiteFideId "2260735"]
[BlackFideId "2107660"]
[EventDate "2019.01.08"]

1. e4 e5 2. Nf3 Nc6 3. Bb5 Nf6 4. O-O Nxe4 5. Re1 Nd6 6. Nxe5 Be7 7. Bf1 O-O 8.
Nf3 Nf5 9. d4 d5 10. c3 Bd6 11. Na3 Bxa3 12. bxa3 Nd6 13. Ne5 Nxe5 14. dxe5 Nc4
15. Qh5 Qe8 16. Bxc4 dxc4 17. Re4 Qc6 18. Rf4 b6 19. Be3 Qg6 20. Qxg6 hxg6 21.
Rxc4 c5 22. Rd1 Be6 23. Ra4 Bxa2 24. Rd7 a5 25. Re4 Be6 26. Rd6 Rab8 27. Bf4
Rfd8 28. Re2 b5 29. Red2 Rxd6 30. exd6 Bd7 31. Be3 b4 32. Rb2 b3 33. Bxc5 a4 34.
f3 f6 35. Bb4 Be6 36. Kf2 Kf7 37. Re2 Rc8 38. Ke3 Ke8 39. Kd2 Kd7 40. Kc1 g5 41.
h3 Rc4 42. Kb2 Rf4 43. Rd2 Rc4 44. Rd4 Rxd4 45. cxd4 Bc4 46. g3 Ke6 47. h4 gxh4
48. gxh4 Bb5 49. Bd2 g6 50. Bh6 Kxd6 51. Bg7 Ke6 52. d5+ Kf7 53. Bh6 Bc4 54. d6
Bb5 55. f4 Ke6 56. Bg7 Kf5 57. Kc3 Bd7 58. Kb2 Ke6 59. Kc3 Kf7 60. Bh8 Be6 61.
Kb2 Bd7 62. Kc3 Ke6 63. Kb2 f5 64. Be5 Kd5 65. Bf6 Kxd6 66. Bg5 Kd5 67. Kc3 Ke4
68. Kb2 1/2-1/2

[Event "PRO League Group Stage"]
[Site "chess.com INT"]
[Date "2019.01.17"]
[Round "2"]
[White "Velten, Paul"]
[Black "Munoz, Miguel"]
[Result "0-1"]
[WhiteTitle "GM"]
[BlackTitle "GM"]
[WhiteElo "2496"]
[BlackElo "2475"]
[WhiteTeam "Cannes Blitzstreams"]
[BlackTeam "Barcelona Raptors"]
[WhiteFideId "681091"]
[BlackFideId "3800229"]
[EventDate "2019.01.08"]

1. d4 Nf6 2. Nf3 c5 3. d5 b5 4. Bg5 Bb7 5. Bxf6 exf6 6. e4 a6 7. a4 b4 8. Nbd2
d6 9. Nc4 g6 10. Qd2 Nd7 11. Qf4 Qe7 12. Na5 Bxd5 13. O-O-O h5 14. Kb1 Bh6 15.
Qh4 Bxe4 16. Bd3 Bxf3 17. gxf3 f5 18. Qg3 f4 19. Qh3 Ne5 20. Be4 Rb8 21. Bd5 O-O
22. Rhg1 Kh7 23. Be4 f5 24. Bd5 Qf6 25. Kc1 Bg7 26. Qg2 c4 27. Bxc4 Rfc8 28. Bb3
Rc5 29. Rd5 Rxd5 30. Bxd5 Rc8 31. Bb3 Nd3+ 32. Kd2 Nxb2 33. Ke2 d5 34. Kf1 Nc4
35. Nb7 Qa1+ 36. Ke2 Re8+ 0-1

[Event "PRO League Group Stage"]
[Site "chess.com INT"]
[Date "2019.01.17"]
[Round "2"]
[White "Cornette, Deimante"]
[Black "Alvarado Diaz, Alejandro"]
[Result "1-0"]
[WhiteTitle "IM"]
[BlackTitle "IM"]
[WhiteElo "2448"]
[BlackElo "2388"]
[WhiteTeam "Cannes Blitzstreams"]
[BlackTeam "Barcelona Raptors"]
[WhiteFideId "12802859"]
[BlackFideId "2276119"]
[EventDate "2019.01.08"]

1. e4 e5 2. Nf3 Nc6 3. Nc3 Nf6 4. Bb5 Bd6 5. a3 O-O 6. d3 h6 7. g4 Nd4 8. g5
hxg5 9. Bxg5 Ne6 10. Qd2 Nxg5 11. Qxg5 Nh7 12. Qh5 c6 13. Bc4 Qf6 14. Rg1 Bc7
15. Rg6 Qe7 16. Qg4 d5 17. Rxg7+ Kh8 18. Rxh7+ Kxh7 19. Qh5+ Kg7 20. O-O-O Qf6
21. Rg1+ Qg6 22. exd5 e4 23. Nxe4 Bf4+ 24. Kb1 Rh8 25. Rxg6+ fxg6 26. Qxh8+ Kxh8
27. dxc6 bxc6 28. h4 Rb8 29. c3 Bd7 30. Nd4 Be5 31. Ne6 Re8 32. N6g5 Kg7 33. Kc2
Bf5 34. Nc5 Bd6 35. Nce4 Bf4 36. Kd1 Bg4+ 37. f3 Bf5 38. b4 Bb8 39. a4 Kh6 40.
b5 cxb5 41. axb5 Kh5 42. Nf6+ Kxh4 43. Nxe8 Kxg5 44. Ng7 Bd7 45. Ne6+ Kf6 46.
Nd4 Ke5 47. Ke2 Bc7 48. Nc6+ Bxc6 49. bxc6 a5 50. Bb5 Kd6 51. d4 Bd8 52. Kd3 Bg5
53. c4 Bf4 54. Ke4 Bd2 55. c5+ Kc7 56. d5 Bb4 57. d6+ Kd8 58. Kd5 1-0

[Event "PRO League Group Stage"]
[Site "chess.com INT"]
[Date "2019.01.17"]
[Round "2"]
[White "Braun, Arik"]
[Black "Borisek, Jure"]
[Result "1/2-1/2"]
[WhiteTitle "GM"]
[BlackTitle "GM"]
[WhiteElo "2598"]
[BlackElo "2584"]
[WhiteTeam "Berlin Bears"]
[BlackTeam "Ljubljana Turtles"]
[WhiteFideId "4663527"]
[BlackFideId "14603152"]
[EventDate "2019.01.08"]

1. Nf3 Nf6 2. e3 g6 3. d4 Bg7 4. c4 O-O 5. Be2 c5 6. d5 d6 7. O-O e6 8. Nc3 exd5
9. cxd5 a6 10. a4 Re8 11. Nd2 Nbd7 12. Re1 Rb8 13. a5 b5 14. axb6 Nxb6 15. e4 a5
16. Bf1 Bd7 17. Nc4 Nxc4 18. Bxc4 Rb4 19. Bd3 Ng4 20. h3 Ne5 21. Bf1 Qb6 22. Qc2
Rb8 23. Ra2 Nc4 24. Re2 f5 25. Na4 Qb5 26. Nc3 Qb7 27. exf5 Bxf5 28. Qd1 Qc7 29.
Qe1 Qd8 30. Re7 Ne5 31. Ra7 Ra8 32. Rxa8 Qxa8 33. Nb5 Qxd5 34. Rxa5 Re4 35. Qd2
Qxd2 36. Bxd2 Bf8 37. Ra8 Nf7 38. Nc3 Re7 39. Nd5 Rb7 40. Nf6+ Kg7 41. Bc3 Ne5
42. Ba6 Rf7 43. Ne8+ Kh6 44. Bd2+ g5 45. h4 Kh5 46. hxg5 Be4 47. Nf6+ Rxf6 48.
Re8 Rf7 49. f4 Bc6 50. Rc8 Bd7 51. Rc7 Bg4 52. Rxf7 Nxf7 53. Kf2 Bg7 54. b3 Bd4+
55. Kg3 d5 56. Bd3 Nd6 57. Bxh7 Nf5+ 58. Kh2 Bf2 59. Bg8 Bg3+ 60. Kg1 Ne7 61.
Bf7+ Kh4 62. g6 Bf5 63. g7 Bh7 64. b4 cxb4 65. Bxb4 Ng8 66. Bxd5 Bxf4 67. Bc3
Kg5 68. Kf2 Bd6 69. Kf3 Be7 70. g3 Nf6 71. Bxf6+ Bxf6 72. g8=Q+ Bxg8 73. Bxg8
Be5 1/2-1/2

[Event "PRO League Group Stage"]
[Site "chess.com INT"]
[Date "2019.01.17"]
[Round "2"]
[White "Bezold, Michael"]
[Black "Pavasovic, Dusko"]
[Result "1-0"]
[WhiteTitle "GM"]
[BlackTitle "GM"]
[WhiteElo "2487"]
[BlackElo "2546"]
[WhiteTeam "Berlin Bears"]
[BlackTeam "Ljubljana Turtles"]
[WhiteFideId "4601718"]
[BlackFideId "14600986"]
[EventDate "2019.01.08"]

1. c4 g6 2. Nc3 Bg7 3. g3 c5 4. Bg2 Nc6 5. d3 e6 6. Bxc6 bxc6 7. f4 Ne7 8. e4 d6
9. Nf3 O-O 10. Qe2 f5 11. e5 d5 12. b3 Qa5 13. Bd2 Qc7 14. Na4 Rd8 15. O-O Bf8
16. Be3 d4 17. Bc1 Bd7 18. Ba3 Nc8 19. Qb2 Nb6 20. Nxc5 Bc8 21. Nxd4 Qf7 22.
Rad1 a5 23. Nf3 a4 24. Bb4 h6 25. d4 Nd7 26. Qc3 Rb8 27. Ba3 axb3 28. axb3 Nxc5
29. Bxc5 Qb7 30. b4 Bxc5 31. dxc5 Re8 32. Rb1 Bd7 33. Rfd1 Re7 34. Rd6 Be8 35.
Nd4 Kf7 36. g4 fxg4 37. Qg3 Qa7 38. Qh4 Qa2 39. Rf1 Rbb7 40. Nxe6 1-0

[Event "PRO League Group Stage"]
[Site "chess.com INT"]
[Date "2019.01.17"]
[Round "2"]
[White "Markoja, Boris"]
[Black "Baldauf, Marco"]
[Result "1-0"]
[WhiteTitle "IM"]
[BlackTitle "IM"]
[WhiteElo "2442"]
[BlackElo "2485"]
[WhiteTeam "Ljubljana Turtles"]
[BlackTeam "Berlin Bears"]
[WhiteFideId "14608502"]
[BlackFideId "4688210"]
[EventDate "2019.01.08"]

1. d4 e6 2. c4 b6 3. g3 Bb7 4. Nf3 Bb4+ 5. Nc3 f5 6. Bg2 Nf6 7. O-O O-O 8. Qc2
a5 9. b3 Bxc3 10. Qxc3 d6 11. Ba3 Ne4 12. Qe3 Ra7 13. Rfd1 Nd7 14. Nd2 Qf6 15.
Nxe4 Bxe4 16. f3 Bb7 17. Bb2 Raa8 18. Qd2 g5 19. c5 f4 20. c6 Bxc6 21. d5 e5 22.
dxc6 Nc5 23. Qd5+ Kg7 24. e3 fxe3 25. Re1 a4 26. b4 a3 27. Bxe5 dxe5 28. bxc5
Rad8 29. Qe4 bxc5 30. Rxe3 Rfe8 31. Qc4 Qxc6 32. f4 Qd6 33. fxe5 Rxe5 34. Qc3 1-0

[Event "PRO League Group Stage"]
[Site "chess.com INT"]
[Date "2019.01.17"]
[Round "2"]
[White "Unuk, Laura"]
[Black "Berger, Steve"]
[Result "0-1"]
[WhiteTitle "WIM"]
[BlackTitle "IM"]
[WhiteElo "2234"]
[BlackElo "2435"]
[WhiteTeam "Ljubljana Turtles"]
[BlackTeam "Berlin Bears"]
[WhiteFideId "14609215"]
[BlackFideId "4644786"]
[EventDate "2019.01.08"]

1. d4 e6 2. c4 Nf6 3. Nf3 Bb4+ 4. Nc3 c5 5. e3 O-O 6. Bd2 b6 7. Bd3 Bb7 8. O-O
cxd4 9. exd4 Re8 10. Bf4 Bf8 11. Re1 d6 12. Rc1 a6 13. Bb1 Nbd7 14. Qd3 Rc8 15.
Ng5 g6 16. Qh3 Rxc4 17. Rcd1 b5 18. Be4 d5 19. Bb1 Bg7 20. Rd3 Qb6 21. Be5 Nxe5
22. dxe5 Nh5 23. Rf3 Rf8 24. g4 Qd8 25. Nxh7 Nf4 26. Rxf4 Rxf4 27. Ne2 Rxg4+ 28.
Qxg4 Kxh7 29. Nf4 Qe8 30. Re3 Rh8 31. Rg3 Kg8 32. Nxg6 fxg6 33. Bxg6 Qe7 34. h4
Rh6 35. h5 d4 36. Qxd4 Qc7 37. Rc3 Qxe5 38. Qxe5 Bxe5 39. Re3 Bf6 40. Rxe6 Kg7
41. Rb6 Bc8 42. Rb8 Rh8 43. Ra8 Bxb2 44. Ra7+ Kh6 45. f4 Bd4+ 46. Kg2 Bxa7 47.
Kg3 Rf8 0-1

[Event "PRO League Group Stage"]
[Site "chess.com INT"]
[Date "2019.01.17"]
[Round "2"]
[White "Vachier-Lagrave, Maxime"]
[Black "Meier, Georg"]
[Result "1/2-1/2"]
[WhiteTitle "GM"]
[BlackTitle "GM"]
[WhiteElo "2780"]
[BlackElo "2623"]
[WhiteTeam "Marseille Migraines"]
[BlackTeam "Baden-Baden Snowballs"]
[WhiteFideId "623539"]
[BlackFideId "4675789"]
[EventDate "2019.01.08"]

1. e4 e6 2. d4 d5 3. Nc3 dxe4 4. Nxe4 Nd7 5. Nf3 Ngf6 6. Nxf6+ Nxf6 7. c3 c5 8.
Ne5 a6 9. Be3 cxd4 10. Bxd4 Qc7 11. Bd3 Bc5 12. Qa4+ Nd7 13. Bxc5 Qxc5 14. Nf3
b5 15. Qh4 Bb7 16. O-O-O h6 17. Be4 Bxe4 18. Qxe4 Rc8 19. Rd4 Nf6 20. Qe5 Qxe5
21. Nxe5 Ke7 22. Re1 Rc7 23. Kc2 Rhc8 24. a4 Nd7 25. axb5 axb5 26. Nxd7 Rxd7 27.
Rxd7+ Kxd7 28. Ra1 b4 29. Ra7+ Ke8 30. Ra4 bxc3 31. bxc3 Ke7 32. c4 e5 33. Kd3
Rd8+ 34. Ke3 Rd1 1/2-1/2

[Event "PRO League Group Stage"]
[Site "chess.com INT"]
[Date "2019.01.17"]
[Round "2"]
[White "Bacrot, Etienne"]
[Black "Alekseenko, Kirill"]
[Result "0-1"]
[WhiteTitle "GM"]
[BlackTitle "GM"]
[WhiteElo "2684"]
[BlackElo "2637"]
[WhiteTeam "Marseille Migraines"]
[BlackTeam "Baden-Baden Snowballs"]
[WhiteFideId "605506"]
[BlackFideId "4135539"]
[EventDate "2019.01.08"]

1. Nf3 d5 2. e3 c5 3. b3 Nf6 4. Bb2 e6 5. c4 Be7 6. cxd5 exd5 7. d4 Nc6 8. dxc5
Bxc5 9. Be2 Bb4+ 10. Nbd2 Ne4 11. a3 Bc3 12. Qc2 Qf6 13. Bxc3 Nxc3 14. Bd3 Ne4
15. O-O Nxd2 16. Nxd2 h6 17. Bb5 O-O 18. Bxc6 bxc6 19. Rfc1 Bd7 20. Nf3 Rfc8 21.
Qc3 c5 22. Qxf6 gxf6 23. Rc3 a5 24. a4 Rab8 25. Nd2 Kf8 26. Rac1 c4 27. bxc4 Rb2
28. R3c2 Rxc2 29. Rxc2 Bxa4 30. Ra2 dxc4 31. Rxa4 c3 0-1

[Event "PRO League Group Stage"]
[Site "chess.com INT"]
[Date "2019.01.17"]
[Round "2"]
[White "Kollars, Dmitrij"]
[Black "Delorme, Alban"]
[Result "1-0"]
[WhiteTitle "GM"]
[BlackTitle "FM"]
[WhiteElo "2562"]
[BlackElo "2320"]
[WhiteTeam "Baden-Baden Snowballs"]
[BlackTeam "Marseille Migraines"]
[WhiteFideId "12909572"]
[BlackFideId "623636"]
[EventDate "2019.01.08"]

1. e4 c5 2. Nf3 Nc6 3. Bb5 Nd4 4. Nxd4 cxd4 5. Bc4 g6 6. c3 Bg7 7. Qb3 e6 8.
cxd4 Bxd4 9. Nc3 a6 10. O-O Ne7 11. Ne2 Bg7 12. d4 d5 13. Bd3 dxe4 14. Bxe4 O-O
15. Rd1 Bd7 16. Bxb7 Rb8 17. Bf4 e5 18. dxe5 Qe8 19. Qf3 Bc6 20. Bxc6 Nxc6 21.
b3 Nxe5 22. Qg3 Rc8 23. Re1 Nc4 24. Rad1 Nb2 25. Rb1 Qb5 26. Be3 Rfd8 27. Nf4
Rc2 28. h3 Be5 29. Qf3 Bg7 30. Qe4 Rcc8 31. Rbc1 Rxc1 32. Rxc1 Nd1 33. Rc5 Nxe3
34. Qxe3 Bd4 35. Rxb5 Bxe3 36. Rd5 Bb6 37. Rxd8+ Bxd8 38. Kf1 f5 39. Ke2 Kf7 40.
Kd3 g5 41. Ne2 f4 42. Ke4 Bb6 43. f3 Kf6 44. Nc3 Kg6 45. Nd5 Bf2 46. b4 h6 47.
a4 Kh5 48. Kd3 Kh4 49. Ke2 Kg3 50. Kf1 Bd4 51. Nc7 Bc3 52. Nxa6 h5 53. b5 g4 54.
hxg4 hxg4 55. fxg4 Kxg4 56. b6 f3 57. b7 fxg2+ 58. Kxg2 Be5 1-0

[Event "PRO League Group Stage"]
[Site "chess.com INT"]
[Date "2019.01.17"]
[Round "2"]
[White "Agrest, Inna"]
[Black "Regoli, Stephane"]
[Result "0-1"]
[WhiteTitle "WIM"]
[WhiteElo "2275"]
[BlackElo "2256"]
[WhiteTeam "Baden-Baden Snowballs"]
[BlackTeam "Marseille Migraines"]
[WhiteFideId "1708830"]
[BlackFideId "615110"]
[EventDate "2019.01.08"]

1. e4 c6 2. d4 d5 3. f3 g6 4. Nc3 Bg7 5. Be3 Qb6 6. Na4 Qa5+ 7. c3 dxe4 8. fxe4
Nf6 9. Bd3 Bg4 10. Qc2 O-O 11. Nc5 Nbd7 12. Nxb7 Qc7 13. Nc5 Nxc5 14. dxc5 Nd7
15. Be2 Bxe2 16. Nxe2 Qe5 17. b4 a5 18. Rd1 Nf6 19. Ng3 Ng4 20. Bd4 Qf4 21. Qd2
Qxd2+ 22. Rxd2 axb4 23. Bxg7 Kxg7 24. cxb4 Ra4 25. Rb2 Rb8 26. a3 Rxa3 27. O-O
Ra4 28. Rfb1 Kf6 29. Ne2 Ke5 30. Rb3 Ra7 31. Nc3 Nf6 32. Re1 Rab7 33. Reb1 Nxe4
34. Re1 f5 35. Nxe4 fxe4 36. Reb1 Kd4 37. Kf2 Kc4 38. Ke3 Rxb4 39. Rxb4+ Rxb4
40. Rc1+ Kd5 41. Rd1+ Kxc5 42. Rd7 Rb2 43. Rxe7 Rxg2 44. Rxh7 Kd5 45. Rd7+ Ke6
46. Rh7 Kf5 47. Rf7+ Kg5 48. Rh7 Rg4 49. Rc7 Kh4 50. Rxc6 Kh3 51. Re6 Kxh2 52.
Rxe4 Rg3+ 53. Kf4 g5+ 54. Kf5 Kh3 55. Re8 g4 56. Rh8+ Kg2 57. Rg8 Rf3+ 58. Ke4
g3 59. Rg7 Rf8 60. Ke3 Re8+ 61. Kd2 Kf2 62. Rf7+ Kg1 63. Rg7 g2 64. Rg6 Re5 65.
Rg7 Kf2 66. Rf7+ Kg3 67. Rg7+ Kf3 68. Rg8 Re4 69. Kd3 Rg4 0-1

[Event "PRO League Group Stage"]
[Site "chess.com INT"]
[Date "2019.01.21"]
[Round "3"]
[White "Sargsyan, Anna M."]
[Black "Harikrishna, Pentala"]
[Result "0-1"]
[WhiteTitle "WFM"]
[BlackTitle "GM"]
[WhiteElo "2339"]
[BlackElo "2730"]
[WhiteTeam "Armenia Eagles"]
[BlackTeam "Delhi Dynamite"]
[WhiteFideId "13308130"]
[BlackFideId "5007003"]
[EventDate "2019.01.08"]

1. d4 Nf6 2. Nf3 d5 3. c4 dxc4 4. e3 e6 5. Bxc4 a6 6. O-O b5 7. Be2 Bb7 8. b3
Nbd7 9. Bb2 c5 10. Nbd2 Be7 11. Rc1 O-O 12. dxc5 Nxc5 13. Bxf6 gxf6 14. Nd4 Rc8
15. Bf3 Qd7 16. Bxb7 Qxb7 17. Qf3 Qxf3 18. N2xf3 Ne4 19. a4 bxa4 20. bxa4 Nc3
21. Ra1 Rc4 22. a5 Rb8 23. Nd2 Rc7 24. Nb1 Ne4 25. f3 Nd6 26. Nd2 Rb2 27. Rfd1
e5 28. N4b3 Nf5 29. e4 Nd4 30. Nxd4 Bc5 31. Kf1 Bxd4 32. Rab1 Ra2 33. Ke2 Rc3
34. Rbc1 Rca3 35. Ke1 Bc3 36. Ke2 Bxa5 37. Rc6 Rb2 38. Rxa6 Bxd2 39. Rxa3 Bb4+
40. Ke3 Bxa3 0-1

[Event "PRO League Group Stage"]
[Site "chess.com INT"]
[Date "2019.01.21"]
[Round "3"]
[White "Sargsyan, Shant"]
[Black "Gupta, Abhijeet"]
[Result "1-0"]
[WhiteTitle "IM"]
[BlackTitle "GM"]
[WhiteElo "2486"]
[BlackElo "2581"]
[WhiteTeam "Armenia Eagles"]
[BlackTeam "Delhi Dynamite"]
[WhiteFideId "13306766"]
[BlackFideId "5010608"]
[EventDate "2019.01.08"]

1. Nf3 Nf6 2. c4 g6 3. Nc3 d5 4. cxd5 Nxd5 5. Qb3 Nb6 6. d4 Bg7 7. e4 Bg4 8.
Bb5+ c6 9. Ng5 O-O 10. Be2 Bxe2 11. Nxe2 c5 12. dxc5 N6d7 13. Qxb7 Qa5+ 14. Bd2
Qa6 15. c6 Qxc6 16. Qxc6 Nxc6 17. Rc1 Rfc8 18. b3 Nde5 19. O-O Nd3 20. Rc4 Nce5
21. Rxc8+ Rxc8 22. Be3 Rc2 23. Nc1 h6 24. Nf3 Nxf3+ 25. gxf3 Ne5 26. Kg2 g5 27.
Bxa7 Ng6 28. Be3 Nh4+ 29. Kg3 f5 30. a4 Be5+ 31. f4 Bc7 32. exf5 Nxf5+ 33. Kg4
Nxe3+ 34. fxe3 Rxh2 35. Nd3 Rd2 36. Nc5 Bb6 37. Rc1 Rb2 38. fxg5 hxg5 39. Kxg5
Bxc5 40. Rxc5 Rxb3 41. Re5 Kf7 42. a5 Ra3 43. Kf5 e6+ 44. Kf4 Ra4+ 45. e4 Ke7
46. Rb5 Kd6 47. Rb6+ Kd7 48. Ra6 Ke7 49. Ke5 Kf7 50. Ra8 Kg7 51. a6 Kf7 52. Kd6
Kg7 53. e5 Kf7 54. Ra7+ Kg6 55. Kxe6 Ra1 56. Ra8 Kg7 57. Ke7 Ra5 58. e6 Ra1 59.
Kd7 Rd1+ 60. Ke8 Rd6 61. Ke7 Rd1 62. Rd8 1-0

[Event "PRO League Group Stage"]
[Site "chess.com INT"]
[Date "2019.01.21"]
[Round "3"]
[White "Narayanan, S.L."]
[Black "Martirosyan, Haik M."]
[Result "0-1"]
[WhiteTitle "GM"]
[BlackTitle "GM"]
[WhiteElo "2575"]
[BlackElo "2607"]
[WhiteTeam "Delhi Dynamite"]
[BlackTeam "Armenia Eagles"]
[WhiteFideId "5058422"]
[BlackFideId "13306553"]
[EventDate "2019.01.08"]

1. Nf3 d6 2. d4 Nf6 3. g3 g6 4. Bg2 Bg7 5. c4 O-O 6. Nc3 Nbd7 7. Bf4 Nh5 8. Bg5
h6 9. Be3 Nhf6 10. d5 Ng4 11. Bd4 Nge5 12. Nxe5 Bxe5 13. O-O Kh7 14. f4 Bxd4+
15. Qxd4 e5 16. dxe6 fxe6 17. Rad1 Qe7 18. e4 e5 19. Nd5 exd4 20. Nxe7 c5 21.
Bh3 Rf7 22. Nxc8 Rxc8 23. e5 dxe5 24. fxe5 Re7 25. b4 Rd8 26. e6 Ne5 27. bxc5 d3
28. Rf4 d2 29. Kf1 Kg7 30. Re4 Nf3 31. Kg2 Ne1+ 32. Kf1 Nf3 33. Re2 h5 34. Bg2
Nxh2+ 35. Kg1 Ng4 36. Rexd2 Rxd2 37. Rxd2 Ne5 38. Bd5 Rc7 39. Rb2 Kf6 40. a4 Nd3
41. Re2 Nxc5 42. a5 Re7 43. Rf2+ Kg7 44. Re2 Kf6 45. Rf2+ Ke5 46. Re2+ Kd6 47.
Rd2 Kc7 48. Re2 Kd6 49. Rd2 Nxe6 50. Bxb7+ Kc5 51. Bd5 Nd4 52. Rf2 Nf5 53. Kg2
Ne3+ 54. Kh3 Nxd5 55. cxd5 Kxd5 56. Kh4 Re4+ 57. Kh3 Re6 58. Kh4 Kc5 59. Kg5 Kb4
60. Ra2 Ra6 61. Kh6 Rc6 62. a6 Kb5 63. Ra1 Kb6 64. Ra2 Kc7 65. Ra3 Rb6 66. Kg5
Kd7 67. Rd3+ Ke7 68. Ra3 Kf7 69. Kh6 Kg8 70. Ra2 Kf7 71. Ra3 Kf6 72. Rf3+ Ke5
73. Ra3 Kf5 74. Ra4 Ke5 75. Ra3 Ke4 76. Kg5 Rc6 77. Ra4+ Kf3 78. Ra3+ Kg2 79. g4
Rc5+ 80. Kxg6 hxg4 81. Kf6 g3 82. Ke6 Kh2 83. Kd6 Rc2 84. Ra5 g2 85. Rh5+ Kg3
86. Rg5+ Kf3 87. Rg8 Rc1 88. Rf8+ Ke3 89. Rg8 g1=Q 0-1